Eerie-on-Sea Characters Quiz - Statistics

General Stats
  • This quiz has been taken 3 times
  • The average score is 8 of 43
Answer Stats
Hint Answer % Correct
Owner Lady Kraken
100%
Secretary Amber Griss
50%
Heart of the clockwork robot resembling a shell Clermit
50%
Eerie book dispensary cat Erwin
50%
Owner of Eerie waxworks Felix Fossil
50%
Lost-and-founder Herbert Lemon
50%
Book dispensary owner Jenny Hanniver
50%
Fish-like creature that lays a blood-red egg Malamander
50%
His "daughter" Pandora Festergrimm
50%
Famous writer and scallywag Sebastian Eels
50%
Monster that snatches shadows Shadowghast
50%
Saintly fisherman St. Dismal
50%
Mermaid-primate cross breed who dispenses books The Mermonkey
50%
Book dispensary assistant Violet Parma
50%
Beachcomber Wendy Fossil
50%
Anonymous Philanderers (or whatever they're called) members: Angela Song
0%
His nephew Blaze Westerley
0%
Head of the fisherfolk Boadicea Bates
0%
The author's wife Bronwyn Parma
0%
Magician and "aunt" of the lost-and-founder Caliastra
0%
Captain of the Leviathan Captain Kraken
0%
His aliases: Deep Hood
0%
Doctor and museum curator Dr. Thalassi
0%
Robot built to search for a missing girl Festergrimm's Robot
0%
Fluffy Mike
0%
Queen of the sprightnings Gargantic Light
0%
Sea serpent that causes a catastrophic storm Gargantis
0%
Manager Godfrey Mollusc
0%
Sidekick's great aunt Great Aunt Winniegar
0%
Herman Newtiss
0%
Mad clockwork genius Ludovic Festergrimm
0%
The deepest secret Mermedusa
0%
Round, red-faced man with a homburg hat Mr. Mummery
0%
His wife Mrs. Crabwise
0%
Fish and chips chef Mr. Seegol
0%
Long lost author (not anymore!) Peter Parma
0%
Famous buccanneer Purple Pimm
0%
Rictus
0%
Owner of the Jornty Spark Squint Westerley
0%
Former mayor of Eerie-on-Sea Standing Bigley
0%
Very calm, maybe slightly unhinged hotel guest The Colonel
0%
Former possessor of the dragon lantern The Puppet Master
0%
Mime of a theater troupe Tristo
0%
No matching quizzes found
Score Distribution
Percent of People with Each Score
Percentile by Number Answered
Your Score History
You have not taken this quiz